[Event "OMA-chT 6th"]
[Site "Muscat"]
[Date "2023.08.10"]
[Round "9.2"]
[White "Al Ghafri, Amer"]
[Black "Al Habsi, Sultan Mohamed"]
[Result "1-0"]
[WhiteElo "1541"]
[BlackElo "1465"]
[PlyCount "50"]
[EventDate "2023.08.03"]
[EventType "team-swiss"]
[EventRounds "9"]
[EventCountry "OMN"]
[SourceTitle "EXT 2024"]
[Source "ChessBase"]
[SourceDate "2023.10.10"]
[SourceVersion "1"]
[SourceVersionDate "2023.10.10"]
[SourceQuality "1"]
[WhiteTeam "Al Rustaq"]
[BlackTeam "Quritat"]
[WhiteTeamCountry "OMN"]
[BlackTeamCountry "OMN"]

1. e4 e5 2. Nf3 Nc6 3. Bb5 Nge7 4. d4 exd4 5. Nxd4 Nxd4 6. Qxd4 Nc6 7. Qe3 b6 8. 0-0 Bc5 9. Qg3 Qf6 10. Nc3 Bd6 11. f4 Bb7 12. Be3 Qg6 13. Qf2 0-0-0 14. a3 f6 15. Bd3 Qh6 16. Nb5 g5 17. Nxd6+ cxd6 18. f5 Ne5 19. Bd4 Ng4 20. Qg3 Qh4 21. Qxd6 Rdf8 22. a4 Nh6 23. a5 Bxe4 24. axb6 Kd8 25. Bxe4 Kc8 1-0

[Event "OMA-chT 6th"]
[Site "Muscat"]
[Date "2023.08.09"]
[Round "8.2"]
[White "Al Zaabi, Faras"]
[Black "Al Habsi, Sultan Mohamed"]
[Result "1-0"]
[WhiteElo "1502"]
[BlackElo "1465"]
[PlyCount "63"]
[EventDate "2023.08.03"]
[EventType "team-swiss"]
[EventRounds "9"]
[EventCountry "OMN"]
[SourceTitle "EXT 2024"]
[Source "ChessBase"]
[SourceDate "2023.10.10"]
[SourceVersion "1"]
[SourceVersionDate "2023.10.10"]
[SourceQuality "1"]
[WhiteTeam "Al Salam"]
[BlackTeam "Quritat"]
[WhiteTeamCountry "OMN"]
[BlackTeamCountry "OMN"]

1. Nf3 Nf6 2. c4 e6 3. g3 b6 4. Bg2 Bb7 5. 0-0 c5 6. b3 d6 7. Bb2 Nbd7 8. Nc3 Be7 9. e3 0-0 10. d4 a6 11. d5 exd5 12. cxd5 Re8 13. e4 Bf8 14. Nd2 Ne5 15. Qc2 b5 16. h3 b4 17. Ne2 a5 18. f4 Ng6 19. Nc4 Ba6 20. g4 Nh4 21. Bh1 Nxe4 22. Bxe4 Qe7 23. Ng3 g6 24. Rae1 f5 25. gxf5 Nxf5 26. Nxf5 gxf5 27. Bxf5 Qh4 28. Be6+ Rxe6 29. Rxe6 Ra7 30. Qg2+ Bg7 31. Re8+ Kf7 32. Nxd6# 1-0

[Event "Muscat Design Group op 1st"]
[Site "Muscat"]
[Date "2022.03.25"]
[Round "5"]
[White "Srivatsan, Karthikeyan"]
[Black "Al Habsi, Sultan Mohamed"]
[Result "1-0"]
[WhiteElo "1488"]
[BlackElo "1445"]
[PlyCount "58"]
[EventDate "2022.03.23"]
[EventType "swiss"]
[EventRounds "7"]
[EventCountry "OMN"]
[SourceTitle "EXT 2023"]
[Source "ChessBase"]
[SourceDate "2022.10.05"]
[SourceVersion "1"]
[SourceVersionDate "2022.10.05"]
[SourceQuality "1"]

1. e4 Nf6 2. e5 Nd5 3. c4 Nb6 4. d4 d6 5. exd6 cxd6 6. Nf3 g6 7. Nc3 Bg7 8. Be3 0-0 9. Be2 Bg4 10. h3 Bxf3 11. Bxf3 Nc6 12. b3 e5 13. d5 Ne7 14. Rc1 Nf5 15. 0-0 Nxe3 16. fxe3 f5 17. e4 f4 18. Kh1 a5 19. Nb5 Nc8 20. c5 dxc5 21. Rxc5 Qb6 22. Qc2 Nd6 23. Nxd6 Qxd6 24. Rc1 Ra6 25. Bg4 h5 26. Be6+ Kh7 27. Rc7 Qb4 28. Qc5 Qd2 29. Qe7 Raa8 1-0

[Event "OMA-ch"]
[Site "Muscat"]
[Date "2022.02.16"]
[Round "8"]
[White "Al Yahmedi, Abdul Rahman"]
[Black "Al Habsi, Sultan Mohamed"]
[Result "0-1"]
[WhiteElo "1119"]
[BlackElo "1471"]
[PlyCount "164"]
[EventDate "2022.02.10"]
[EventType "swiss"]
[EventRounds "9"]
[EventCountry "OMN"]
[SourceTitle "EXT 2023"]
[Source "ChessBase"]
[SourceDate "2022.10.05"]
[SourceVersion "1"]
[SourceVersionDate "2022.10.05"]
[SourceQuality "1"]

1. b3 d5 2. Bb2 Bf5 3. e3 e6 4. Nf3 h6 5. c4 c6 6. d4 Nf6 7. c5 b6 8. b4 a5 9. a3 Nbd7 10. Nc3 Be7 11. Bd3 Ne4 12. 0-0 Ndf6 13. Qc2 0-0 14. Nd2 Nxd2 15. Qxd2 Bxd3 16. Qxd3 axb4 17. axb4 Qc7 18. f4 bxc5 19. bxc5 Rxa1 20. Rxa1 Rb8 21. Bc1 Rb3 22. Qc2 Qb7 23. Rb1 Rxb1 24. Qxb1 Qxb1 25. Nxb1 Ne4 26. Nd2 Nc3 27. Kf2 g5 28. g3 Kg7 29. Kf3 f5 30. Nb3 Bd8 31. Bd2 g4+ 32. Kg2 Ne4 33. Ba5 Be7 34. Bc7 Kf7 35. Na5 Ke8 36. Nxc6 Bxc5 37. dxc5 Kd7 38. Nd4 Kxc7 39. Nxe6+ Kc6 40. Nd4+ Kxc5 41. Nxf5 h5 42. h4 Kc4 43. Ng7 Nf6 44. Kf2 Kd3 45. Nf5 Ne4+ 46. Ke1 Nf6 47. Kf2 Kd2 48. Kf1 Ne4 49. Kg2 Ke2 50. Kg1 Kf3 51. Kf1 Nxg3+ 52. Nxg3 Kxg3 53. f5 Kh2 54. Ke2 g3 55. f6 g2 56. f7 g1Q 57. f8Q Qg4+ 58. Kd2 Qxh4 59. Qf4+ Qg3 60. Kd3 h4 61. Qb4 Qg6+ 62. Kc3 Qe4 63. Qb2+ Kg3 64. Qb8+ Kf3 65. Qf8+ Kxe3 66. Qh6+ Kf2 67. Qd2+ Kg3 68. Qg5+ Kf2 69. Qd2+ Kf3 70. Kb2 Qe2 71. Qxe2+ Kxe2 72. Kc3 Ke3 73. Kc2 h3 74. Kb3 h2 75. Kb4 h1Q 76. Kc5 d4 77. Kd6 Qh5 78. Kd7 Qg6 79. Ke7 d3 80. Kd7 d2 81. Ke7 d1Q 82. Kf8 Qd8# 0-1

[Event "OMA-ch"]
[Site "Muscat"]
[Date "2022.02.15"]
[Round "7"]
[White "Al Habsi, Sultan Mohamed"]
[Black "Al Hooti, Mansoor"]
[Result "1/2-1/2"]
[WhiteElo "1471"]
[BlackElo "1259"]
[PlyCount "48"]
[EventDate "2022.02.10"]
[EventType "swiss"]
[EventRounds "9"]
[EventCountry "OMN"]
[SourceTitle "EXT 2023"]
[Source "ChessBase"]
[SourceDate "2022.10.05"]
[SourceVersion "1"]
[SourceVersionDate "2022.10.05"]
[SourceQuality "1"]

1. e4 c6 2. Nf3 d5 3. d3 Bg4 4. h3 Bh5 5. g4 Bg6 6. Nh4 e6 7. Nxg6 hxg6 8. Nc3 Bd6 9. exd5 cxd5 10. d4 a6 11. Be3 Nc6 12. a3 Nf6 13. Qd2 Qe7 14. 0-0-0 0-0-0 15. Bf4 Bxf4 16. Qxf4 Qc7 17. Qxc7+ Kxc7 18. f4 Ne4 19. Nxe4 dxe4 20. Bg2 Rxd4 21. Rxd4 Nxd4 22. Bxe4 f5 23. gxf5 Nxf5 24. Bxf5 gxf5 1/2-1/2

[Event "OMA-ch"]
[Site "Muscat"]
[Date "2022.02.11"]
[Round "2"]
[White "Al Amari, Mohammed"]
[Black "Al Habsi, Sultan Mohamed"]
[Result "1-0"]
[WhiteElo "1685"]
[BlackElo "1471"]
[PlyCount "52"]
[EventDate "2022.02.10"]
[EventType "swiss"]
[EventRounds "9"]
[EventCountry "OMN"]
[SourceTitle "EXT 2023"]
[Source "ChessBase"]
[SourceDate "2022.10.05"]
[SourceVersion "1"]
[SourceVersionDate "2022.10.05"]
[SourceQuality "1"]

1. e4 Nf6 2. Nc3 e5 3. Bc4 Bc5 4. Nf3 d6 5. h3 c6 6. d3 a5 7. a3 b5 8. Ba2 Be6 9. Bxe6 fxe6 10. Be3 Nbd7 11. Bxc5 Nxc5 12. 0-0 0-0 13. b4 Ncd7 14. d4 Qe7 15. Qd2 d5 16. dxe5 Nxe4 17. Qd4 Rf4 18. Ne2 Rf5 19. Qb2 c5 20. bxc5 Qxc5 21. Ned4 Nxe5 22. Nxf5 Nxf3+ 23. gxf3 exf5 24. fxe4 fxe4 25. Qe5 Rf8 26. Rad1 Qc4 1-0

[Event "OMA-ch"]
[Site "Muscat"]
[Date "2021.09.24"]
[Round "3"]
[White "Al Dhiyabi, Mohammed"]
[Black "Al Habsi, Sultan Mohamed"]
[Result "0-1"]
[WhiteElo "1617"]
[BlackElo "1267"]
[PlyCount "70"]
[EventDate "2021.09.22"]
[EventType "swiss"]
[EventRounds "9"]
[EventCountry "OMN"]
[SourceTitle "EXT 2023"]
[Source "ChessBase"]
[SourceDate "2022.10.05"]
[SourceVersion "1"]
[SourceVersionDate "2022.10.05"]
[SourceQuality "1"]

1. d4 c5 2. Bf4 cxd4 3. Qxd4 Nc6 4. Qd1 d5 5. Nf3 Bf5 6. e3 e6 7. Nbd2 Nf6 8. Be2 Bd6 9. Bxd6 Qxd6 10. Nh4 Bg6 11. Nxg6 hxg6 12. h3 a6 13. c3 b5 14. Qb3 Na5 15. Qc2 Nc4 16. Rd1 Qc7 17. a4 Nh5 18. axb5 axb5 19. b3 Nd6 20. 0-0 0-0 21. e4 Nf4 22. Bf3 b4 23. c4 dxc4 24. e5 Nb7 25. Nxc4 Rad8 26. Qc1 Nd5 27. Qg5 Nc5 28. Nd6 Nc3 29. Rd4 Rb8 30. Rc4 Qa5 31. h4 Nd3 32. h5 Qxe5 33. Qxe5 Nxe5 34. Rc5 Nxf3+ 35. gxf3 gxh5 0-1

[Event "FIDE World Uni Rapid-E 1st"]
[Site "Tornelo INT"]
[Date "2021.03.21"]
[Round "9"]
[White "Al Habsi, Sultan Mohamed"]
[Black "Espinoza Briones, Aldo Ivan"]
[Result "0-1"]
[WhiteElo "1267"]
[BlackElo "1535"]
[PlyCount "82"]
[EventDate "2021.03.20"]
[EventType "swiss (rapid)"]
[EventRounds "12"]
[EventCountry "NET"]
[SourceTitle "EXT 2022"]
[Source "ChessBase"]
[SourceDate "2021.10.06"]
[SourceVersion "1"]
[SourceVersionDate "2021.10.06"]
[SourceQuality "1"]

1. a3 e5 2. Nf3 Nc6 3. d4 exd4 4. Nxd4 Nxd4 5. Qxd4 Nf6 6. Nc3 Be7 7. e4 d6 8. Bg5 h6 9. Be3 Be6 10. f3 0-0 11. 0-0-0 Nd7 12. g4 Bf6 13. Qd2 Ne5 14. Be2 a6 15. Kb1 b5 16. f4 Nxg4 17. Bxg4 Bxg4 18. Rdg1 Bf3 19. f5 Kh7 20. Nd5 c5 21. Nxf6+ Qxf6 22. Bg5 hxg5 23. Rxg5 Bxh1 24. Rh5+ Qh6 25. Rxh6+ gxh6 26. Qxd6 Bxe4 27. f6 Rad8 28. Qg3 Bg6 29. h4 h5 30. Qc7 Rc8 31. Qb7 b4 32. Qxa6 bxa3 33. Qxa3 Ra8 34. Qc3 Rfd8 35. b3 Rd1+ 36. Kb2 Rdd8 37. Qf3 Rdc8 38. Kc3 c4 39. b4 Ra3+ 40. Kd2 Rxf3 41. c3 Rh3 0-1

[Event "FIDE World Uni Rapid-E 1st"]
[Site "Tornelo INT"]
[Date "2021.03.21"]
[Round "10"]
[White "De Briey, Aurian"]
[Black "Al Habsi, Sultan Mohamed"]
[Result "0-1"]
[WhiteElo "1690"]
[BlackElo "1267"]
[PlyCount "80"]
[EventDate "2021.03.20"]
[EventType "swiss (rapid)"]
[EventRounds "12"]
[EventCountry "NET"]
[SourceTitle "EXT 2022"]
[Source "ChessBase"]
[SourceDate "2021.10.06"]
[SourceVersion "1"]
[SourceVersionDate "2021.10.06"]
[SourceQuality "1"]

1. d4 d5 2. c4 dxc4 3. e3 e5 4. Bxc4 exd4 5. exd4 Nf6 6. Nc3 Bd6 7. Nf3 0-0 8. 0-0 Bg4 9. Bg5 Nbd7 10. Re1 c6 11. Qd3 Qc7 12. h3 Bh5 13. Rad1 Bg6 14. Qd2 h6 15. Bxf6 Nxf6 16. Ne5 Bh7 17. Qe2 b5 18. Bb3 a5 19. a3 b4 20. axb4 axb4 21. Na4 Nd5 22. Rc1 Nf4 23. Qf3 Bxe5 24. dxe5 Nd3 25. Rxc6 Nxe1 26. Qd5 Qd8 27. Rd6 Qg5 28. g3 Nd3 29. Rd7 Nxe5 30. h4 Qf5 31. Re7 Nf3+ 32. Kg2 Qxd5 33. Bxd5 Rxa4 34. Kxf3 Ra5 35. Bc4 Rf5+ 36. Ke3 Bg6 37. g4 Rc5 38. b3 Bc2 39. Rb7 Bxb3 40. Bxb3 Rc3+ 0-1

[Event "FIDE World Uni Rapid-E 1st"]
[Site "Tornelo INT"]
[Date "2021.03.20"]
[Round "6"]
[White "Fluerariu, Radu Cristian"]
[Black "Al Habsi, Sultan Mohamed"]
[Result "1-0"]
[WhiteElo "1985"]
[BlackElo "1267"]
[PlyCount "75"]
[EventDate "2021.03.20"]
[EventType "swiss (rapid)"]
[EventRounds "12"]
[EventCountry "NET"]
[SourceTitle "EXT 2022"]
[Source "ChessBase"]
[SourceDate "2021.10.06"]
[SourceVersion "1"]
[SourceVersionDate "2021.10.06"]
[SourceQuality "1"]

1. e4 Nf6 2. e5 Nd5 3. c4 Nb6 4. c5 Nd5 5. d4 c6 6. Nf3 e6 7. Nc3 b6 8. Ne4 Ba6 9. Bxa6 Nxa6 10. Qe2 Nac7 11. Nd6+ Bxd6 12. cxd6 Nb5 13. a4 Nbc3 14. bxc3 Nxc3 15. Qd3 Nd5 16. 0-0 c5 17. dxc5 bxc5 18. Qc4 Qb6 19. Bd2 Rb8 20. a5 Qc6 21. Rfc1 Rb5 22. Ng5 0-0 23. Ne4 Rc8 24. Rab1 Rxb1 25. Rxb1 g6 26. Rc1 Rb8 27. Qxc5 Qa4 28. Nf6+ Kg7 29. Nxd5 exd5 30. Qxd5 Rb5 31. Qf3 f5 32. exf6+ Kf7 33. Re1 Rf5 34. Re7+ Kxf6 35. Bc3+ Kg5 36. Qg3+ Qg4 37. Bd2+ Kh5 38. Rxh7# 1-0